LEADER 01125nam 2200265 450 001 996689973203316 005 20251204141355.0 100 $a20251204d1964----km y0itay5003 ba 101 0 $aita 102 $aIT 105 $ay 00 y 200 1 $a<> politica di piano nel mercato comune europeo e l'utilità di un'indagine comparatistica in materia di impresa ed azienda$eindicazione di alcuni problemi degni di particolare attenzione$fEmilio Romagnoli 210 $aMilano$cGiuffrè$d1964 215 $a29 p.$d25 cm 300 $aEstratto da: Atti della seconda Assemblea : Firenze, 30 settembre-4 ottobre 1963 : la pianificazione e i suoi limiti in agricoltura ... Milano : Giuffrè, 1964, vol. 3. 606 0 $aAziende agrarie$xComparazione$2BNCF 676 $a630 700 1$aROMAGNOLI,$bEmilio$068205 801 0$aIT$bcba$gREICAT 912 $a996689973203316 951 $aXVI.7.Misc. 817$b824 FBUO$cXVI.7.Misc. 959 $aBK 969 $aFBUO 996 $aPolitica di piano nel mercato comune europeo e l'utilità di un'indagine comparatistica in materia di impresa ed azienda$94459769 997 $aUNISA